Religion Quiz

Random Religion or Blitz Quiz

15 in 15: Greek Gods & Goddesses Quiz Stats

 Plays Quiz not verified by Sporcle

Score 0/15 Timer 00:15
5 Plays Today
% Correct
Zeus
83.7%
Athena
81.2%
Aphrodite
81.1%
Apollo
80.9%
Poseidon
80.3%
Hermes
79.5%
Hades
78.4%
Artemis
77.2%
% Correct
Hera
75.9%
Ares
73.4%
Dionysus
71.1%
Demeter
69.7%
Hephaestus
68%
Persephone
65.7%
Hestia
63%

You're not logged in!

Compare scores with friends on all Sporcle quizzes.
OR
Log In

Show Comments

Extras

Top Quizzes Today


Score Distribution

Your Account Isn't Verified!

In order to create a playlist on Sporcle, you need to verify the email address you used during registration. Go to your Sporcle Settings to finish the process.

Report this User

Report this user for behavior that violates our Community Guidelines.

Details: